| 000 | 01640cam a2200289 4500 | ||
|---|---|---|---|
| 001 | J122034 | ||
| 008 | 000000n2003 000 0 eng u | ||
| 022 | _a1369-5630 | ||
| 035 | _a(Sirsi) u122034 | ||
| 041 | _aeng | ||
| 050 |
_a692.8 _c18 |
||
| 110 |
_aRoyal Institution of Chartered Surveyors _bConstruction Faculty _94214 |
||
| 245 |
_aContracts in use _ba survey of building contracts in use during 2001 |
||
| 250 | _a9th ed. reprinted with corrections | ||
| 260 |
_aLondon _bRICS _c2003 |
||
| 300 |
_a29p. _bill. _c30cm. |
||
| 490 |
_aContracts in Use _v2001 |
||
| 520 | _aThe ninth survey in the "Contracts in use" series considering trends in the use of the various standard forms of contract and procurement methods. The results of the survey, which covered both new build and refurbishment projects for which work started on site between 1 January and 31 December 2001, are presented using charts, graphs and tables. View at www.rics.org/const. | ||
| 650 | _aBUILT ENVIRONMENT-BUILDING CONTRACT FORMS-STANDARD FORMS OF BUILDING CONTRACT-JOINT CONTRACTS TRIBNUAL CONTRACTS | ||
| 650 | _aBUILT ENVIRONMENT-BUILDING CONTRACT FORMS-STANDARD FORMS OF BUILDING CONTRACT-GC/WORKS CONTRACTS | ||
| 650 | _aBUILT ENVIRONMENT-BUILDING CONTRACT FORMS-STANDARD FORMS OF BUILDING CONTRACT-INSTITUTION OF CIVIL ENGINEERS CONTRACTS | ||
| 690 | _aBUILT ENVIRONMENT-BUILDING CONTRACT FORMS | ||
| 710 |
_aDavis Langdon and Everest _91155 |
||
| 710 |
_aRoyal Institution of Chartered Surveyors _94900 |
||
| 856 | _zView the survey on the RICS website... | ||
| 942 | _n0 | ||
| 999 |
_c102771 _d102771 |
||